| 000 | 00351nam a2200133Ia 4500 | ||
|---|---|---|---|
| 008 | 150202s9999 xx 000 0 und d | ||
| 020 | _a440211727 | ||
| 050 |
_aFIC _bFIC |
||
| 100 | _aGrisham, John. | ||
| 245 | 2 |
_aA time to kill / _cJohn Grisham |
|
| 260 |
_aNew York : _bIsland Books, _c1989. |
||
| 300 |
_a515 pages : _c18 cm. |
||
| 650 | _aFiction. | ||
| 999 |
_c282059 _d282059 |
||